| 000 | 00838nam a2200289 4500 | ||
|---|---|---|---|
| 001 | 75572 | ||
| 005 | 20260304151009.0 | ||
| 010 | _a9789896828806 | ||
| 021 |
_aPT _b472367/20 |
||
| 090 | _a75572 | ||
| 100 | _a20211006d2021 a y0pory50030103ba | ||
| 101 | 0 | _apor | |
| 102 | _aPT | ||
| 105 | _aa z 000yy | ||
| 106 | _ar | ||
| 200 | 1 |
_aOs Maias _fadapt., argumento Canizales, José de Freitas _gdes. Canizales |
|
| 210 | 9 |
_a[S.l.] _cLevoir, _d2021 |
|
| 215 |
_a57 p. _cil., banda desenhada |
||
| 225 | 2 |
_aClássicos da literatura em banda desenhada _v11 |
|
| 675 |
_a087.5 _vBN _zpor |
||
| 675 |
_a741(=1:862)"20" _vBN _zpor |
||
| 675 |
_a821.134.2(862)-9"20" _vBN _zpor |
||
| 700 | 0 |
_aCanizales _954924 |
|
| 701 | 1 |
_aFreitas _bJosé de _f1964- _954925 _4070 |
|
| 702 | 1 |
_aQueirós _bEça de _f1845-1900 _4100 _937770 |
|
| 801 | 0 |
_aPT _bBN _gRPC |
|
| 942 | _cMON | ||